Anitta - Funk Generation (Tracklist) - Statistics

Estatísticas Gerais
  • Esse quiz foi jogado 20 vezes
  • A pontuação média é 11 de 15
Estatísticas das Respostas
Funk Generation % Correto
4 Fria
88%
8 Double Team (feat. Brray, Bad Gyal)
81%
2 Grip
81%
1 Lose Ya Breath
81%
13 Sabana
81%
9 Savage Funk
81%
7 Aceita
75%
3 Funk Rave
75%
14 Ahi (feat. Sam Smith)
69%
10 Joga Pra Lua (feat. DENNIS, PEDRO SAMPAIO)
69%
5 Meme
69%
11 Cria de Favela
63%
6 Love In Common
63%
15 Mil Veces
63%
12 Puta Cara
63%
Nenhum quiz correspondente encontrado
Distribuição das Pontuações
Porcentagem de Pessoas com Cada Pontuação
Percentil de Números Respondidos
Sua Pontuação Histórica
Você não jogou esse quiz